Größte Städte der Welt, die mit K starten - Statistiken

Allgemein
  • Dieses Quiz wurde 128 mal gespielt
    105 seit der letzten Aktualisierung
  • Das Durchschnittsergebnis liegt bei 10 aus 19
Antwortstatistiken
Land Bevölkerung Stadt % Korrekt
Ägypten 10,2 mio Kairo
100%
Ukraine 3.48 mio Kiew
92%
Kuwait 4.78 mio Kuwait Stadt
89%
Afghanistan 5.05 mio Kabul
87%
D. R. Kongo 15.6 mio Kinshasa
78%
Malaysia 9.30 mio Kuala Lumpur
77%
Nepal 3.13 mio Kathmandu
73%
Indien 17.7 mio Kalkutta
68%
Uganda 4.13 mio Kampala
58%
Sudan 7.05 mio Khartum
57%
Pakistan 20.9 mio Karatschi
53%
Vereinigte Staaten 2.08 mio Kansas City
38%
Nigeria 5.20 mio Kano
27%
China 6.50 mio Kunming
16%
Ghana 2.88 mio Kumasi
14%
Indien 3.65 mio Kanpur
9%
Taiwan 2.75 mio Kaohsiung
8%
Nigeria 1.93 mio Kaduna
4%
Japan 1.97 mio Kitakyushu
3%
Keine übereinstimmenden Quizze gefunden
Verteilung der Resultate
Anzahl Personen mit jedem Resultat
Perzentil nach korrekt beantworteten Fragen
Ihre Resultats-Entwicklung
Sie haben dieses Quiz seit der letzten Aktualisierung nicht gespielt